Sectors of the Stock Market - Statistics

General Stats
  • This quiz has been taken 398 times
  • The average score is 5 of 11
Answer Stats
Example Sector % Correct
Microsoft {Information} {Technology}
79%
Exxon {Energy}
78%
JPMorgan {Financial}
74%
Verizon {Communications}
64%
Pfizer {Healthcare}
60%
Boeing {Industrials}
29%
Kraft Heinz {Consumer} {Staples}
19%
Amazon {Consumer} {Discretionary}
17%
Duke, NRG {Utilities}
16%
DowDuPont {Basic} {Materials}
15%
Aimco {Real} {Estate}
9%
No matching quizzes found
Score Distribution
Percent of People with Each Score
Percentile by Number Answered
Your Score History
You have not taken this quiz